Estudios de conservación genética en paisajes rurales y especies focales, aplicando diferentes técnicas y marcadores moleculares (Registro nro. 7798)

Detalles MARC
000 -CABECERA
Campo de control 01409nam a22002177a 4500
005 - FECHA Y HORA DE LA ULTIMA TRANSACCION
Campo de control 20150105162206.0
008 - ELEMENTOS DE LONGITUD FIJA—INFORMACION GENERAL
Campo de control 131113b2004 ck ||||| |||| 00| 0 spa d
040 ## - FUENTE DE CATALOGACIÓN
Agencia transcriptora CO-BoIAVH
041 ## - IDIOMA
Código de idioma para texto/pista de sonido o título separado Español
044 ## - PAÍS DE PUBLICACIÓN
País de publicación Colombia
090 ## - CLASIFICACIÓN LOCAL
Colección IAVH
Consecutivo 01051
100 ## - ASIENTO PRINCIPAL--NOMBRE PERSONAL
Nombre personal González Vargas- Iván Andrés
245 ## - MENCION DE TITULO
Título Estudios de conservación genética en paisajes rurales y especies focales, aplicando diferentes técnicas y marcadores moleculares
260 ## - PUBLICACION, DISTRIBUCION, ETC. (PIE DE IMPRENTA)
Lugar de publicación, distribución, etc. Bogota
Nombre del editor, distribuidor, etc. Instituto de Investigación de Recursos Biológicos Alexander von Humboldt
Fecha de publicación, distribución, etc. 2004
300 ## - DESCRIPCION FISICA
Extensión 105 p.
Dimensiones 29 cm,
520 ## - NOTA DE RESUMEN, ETC.
Nota de resumen onstituye la integración colaborativa de los esfuezos de estas líneas, para dar un mejor manejo a las investigaciones en biodiversidad y así poder diseñar estrategias integrales para su conservación. Esta propuesta pretende identificar, revisar, evaluar y planear experiencias que permitan implementar las psibilidades que ofrecen los marcadores moleculares a los objetivos de la línea de paisajes rurales, con el fin de generar proyecto e investigaciones en el tema. Desde un punto de vista molecular, permitirá implementar estudios dirigidos al conocimiento de poblaciones y especies con algún grado de amenaza, endémicas o insuficientemente conocidas.
650 ## - ASIENTO SECUNDARIO DE MATERIA - TERMINO TEMATICO
Término temático o nombre geográfico como elemento de entrada Conservación genética
650 ## - ASIENTO SECUNDARIO DE MATERIA - TERMINO TEMATICO
Término temático o nombre geográfico como elemento de entrada Paisajes rurales
650 ## - ASIENTO SECUNDARIO DE MATERIA - TERMINO TEMATICO
Término temático o nombre geográfico como elemento de entrada Especies focales
Subdivisión geográfica Colombia
942 ## - ELEMENTOS ADICIONALES (KOHA)
Sistema de clasificación Local
Tipo de ítem Informe Técnico
Existencias
Withdrawn status Lost status Sistema de Clasificación Damaged status No para préstamo Colección Ubicación Permanente Ubicación actual Fecha de adquisición Total Checkouts Número topográfico Inventario / Código de Barras Date last seen Ejemplar Price effective from Forma de adquisición Tipo de material
    Local     Humboldt Bogotá Bogotá 13/11/2013   IAVH-01051 059278 09/08/2024 Ej. 2 13/11/2013   Informe Técnico